| 000 | 00440nam a2200157Ia 4500 | ||
|---|---|---|---|
| 008 | 230917s9999||||xx |||||||||||||| ||und|| | ||
| 020 | _cRS0.75 | ||
| 040 |
_e12153 _aMAIN |
||
| 041 | _aEnglish | ||
| 082 | _a001.64 S92F | ||
| 100 | _aSavage, Charles M | ||
| 245 | 0 | _a5th generation management: Integrating enterprises through human networking | |
| 260 |
_aNew Delhi _bPrentice Hall of India _c1992 |
||
| 300 | _axvi, 267 p. | ||
| 942 | _cBK | ||
| 999 |
_c76059 _d76059 |
||